|
|
|
|
| LEADER |
00000nam a2200000 a 4500 |
| 001 |
vtls001319967 |
| 003 |
SK-MaSNL |
| 005 |
20260301005402.0 |
| 008 |
240318s1997 xo a r slo |
| 015 |
|
|
|a SNBA1998/05-01642
|
| 020 |
|
|
|a 8096767658
|c 249,00 Sk
|
| 035 |
|
|
|a SNK000272587
|
| 035 |
|
|
|a urn:nbn:sk:snk-amtjf0
|
| 035 |
|
|
|a urn:nbn:sk:snk-am00c600
|
| 035 |
|
|
|a 14193383-156A-4E25-B51B-072178303387
|
| 040 |
|
|
|a SNK
|b slo
|c SNK
|e AACR2
|
| 041 |
0 |
|
|a slo
|
| 044 |
|
|
|a xo
|c SK
|
| 080 |
|
|
|a 643.3(035)
|2 1981
|
| 100 |
1 |
|
|a Krčmáriková, Eva
|4 aut
|9 45013
|
| 245 |
1 |
0 |
|a Kuchyňa
|c Eva Krčmáriková
|
| 260 |
|
|
|a Bratislava
|b Jaga
|c 1997
|
| 300 |
|
|
|a 144 s.
|b fareb. fotogr.
|c 27 cm
|
| 500 |
|
|
|a Fotogr. na predsádkach
|
| 504 |
|
|
|a Bibliogr. s. 130
|
| 650 |
0 |
7 |
|a kuchyne
|x zariadenie
|x príručky
|2 SNK
|9 289600
|
| 655 |
|
7 |
|a príručky
|2 SNK
|9 74364
|
| 655 |
|
7 |
|a obrazové publikácie
|2 SNK
|9 70343
|
| 919 |
|
|
|a 80-967676-5-8
|
| 958 |
|
|
|a OND
|
| 958 |
|
|
|a TL
|
| 958 |
|
|
|a NB
|
| 999 |
|
|
|c 545017
|d 546947
|
| 952 |
|
|
|t P60, <03>, [BOOK], {603}
|a SNK
|b SNK
|y PREZ
|7 0
|p 17A0122428
|o snkSB 58245
|i snkKSP 1481/98
|0 0
|1 0
|4 0
|d 1998-02-11
|f 1
|l 0
|r 2025-04-09 00:00:00
|w 2026-02-23
|
| 952 |
|
|
|a SNK
|b SNK
|y VYP
|7 0
|p 17A0122429
|o snkSB 58245 D1
|i snkKSP 1482/98
|0 0
|1 0
|4 0
|d 1998-02-11
|l 0
|r 2005-01-02 00:00:00
|w 2026-02-23
|
| 952 |
|
|
|t P60, <09>, [BOOK], {629}
|a SNK
|b SNK
|y NEVYP
|7 0
|o snkB 398
|i snk1418/1999
|0 0
|1 0
|4 0
|d 1999-11-30
|l 0
|r 2005-01-02 00:00:00
|w 2026-02-23
|